[Event "DEN-ch corr"]
[Site "Denmark"]
[Date "1979.??.??"]
[Round "?"]
[White "Gasseholm, Finn"]
[Black "Hanghoj, Peder"]
[Result "0-1"]
[WhiteElo "2195"]
[BlackElo "1821"]
[PlyCount "46"]
[EventDate "1979.??.??"]
[EventType "tourn (corr)"]
[EventRounds "17"]
[EventCountry "DEN"]
[SourceTitle "Corr 2000"]
[Source "ChessBase"]
[SourceDate "2000.04.19"]
[SourceVersion "1"]
[SourceVersionDate "2000.04.19"]
[SourceQuality "1"]

1. d4 Nf6 2. c4 e5 3. dxe5 Ng4 4. Bf4 Nc6 5. Nf3 Bb4+ 6. Nc3 Qe7 7. Qd5 Bxc3+ 8. bxc3 Qa3 9. Rc1 f6 10. exf6 Nxf6 11. Qd2 0-0 12. e3 d6 13. Bd3 Bg4 14. Nd4 Ne5 15. 0-0 Qc5 16. Rb1 Nxc4 17. Bxc4+ Qxc4 18. Rxb7 Nd5 19. Rfb1 a5 20. Bg3 Bc8 21. R7b2 Ba6 22. Rc1 Rae8 23. Qc2 Rxe3 0-1

[Event "DEN-ch corr"]
[Site "Denmark"]
[Date "1979.??.??"]
[Round "?"]
[White "Jensen, Ib Vagn Norgaard"]
[Black "Hanghoj, Peder"]
[Result "1-0"]
[WhiteElo "1884"]
[BlackElo "1821"]
[PlyCount "75"]
[EventDate "1979.??.??"]
[EventType "tourn (corr)"]
[EventRounds "17"]
[EventCountry "DEN"]
[SourceTitle "Corr 2000"]
[Source "ChessBase"]
[SourceDate "2000.04.19"]
[SourceVersion "1"]
[SourceVersionDate "2000.04.19"]
[SourceQuality "1"]

1. d4 Nf6 2. Nf3 e6 3. e3 b6 4. Bd3 Bb7 5. Nbd2 c5 6. c3 Be7 7. e4 Nc6 8. a3 a5 9. 0-0 d5 10. e5 Nh5 11. Re1 Nf4 12. Bc2 Ng6 13. Nf1 Nh4 14. Nxh4 Bxh4 15. Qg4 g6 16. Bh6 Be7 17. Ba4 Qc7 18. Qf4 Rg8 19. Re3 Bf8 20. Rh3 Be7 21. Rf3 Bd8 22. Ne3 f5 23. exf6 Qxf4 24. Rxf4 Kf7 25. Bxc6 Bxc6 26. Ng4 Bc7 27. Rf3 e5 28. dxe5 Bd7 29. h3 Bxg4 30. hxg4 Bxe5 31. Re1 Rge8 32. Bd2 Re6 33. g5 b5 34. Rh3 Rh8 35. g4 d4 36. Kg2 dxc3 37. bxc3 Bc7 38. Reh1 1-0

[Event "DEN-ch corr"]
[Site "Denmark"]
[Date "1979.??.??"]
[Round "?"]
[White "Nielsen, Christian Waagner"]
[Black "Hanghoj, Peder"]
[Result "1-0"]
[WhiteElo "2288"]
[BlackElo "1821"]
[PlyCount "83"]
[EventDate "1979.??.??"]
[EventType "tourn (corr)"]
[EventRounds "17"]
[EventCountry "DEN"]
[SourceTitle "Corr 2000"]
[Source "ChessBase"]
[SourceDate "2000.04.19"]
[SourceVersion "1"]
[SourceVersionDate "2000.04.19"]
[SourceQuality "1"]

1. e4 g6 2. d4 Bg7 3. Nc3 d6 4. f4 Nc6 5. Be3 Nf6 6. Nf3 0-0 7. Qd2 e6 8. 0-0-0 b6 9. h3 Ne7 10. Qf2 Bb7 11. Nd2 Qc8 12. g4 c5 13. g5 Ne8 14. h4 cxd4 15. Bxd4 e5 16. fxe5 dxe5 17. Be3 Nd6 18. h5 Qc6 19. hxg6 hxg6 20. Qh2 Rfd8 21. Bd3 b5 22. Rdf1 b4 23. Nd5 Nxd5 24. exd5 Qxd5 25. Bxg6 Rd7 26. Qh7+ Kf8 27. Nb3 Rc8 28. Rh2 Qc4 29. Bd3 Qd5 30. Be2 Rdc7 31. Bg4 Qc4 32. Qh3 Re8 33. g6 Be4 34. gxf7 Nxf7 35. Bf5 Bxf5 36. Qxf5 Re6 37. Bc5+ Ke8 38. Rh4 Bh6+ 39. Kb1 Qd5 40. Rd4 Qc6 41. Rg4 Kd8 42. Bxb4 1-0

[Event "DEN-ch corr"]
[Site "Denmark"]
[Date "1979.??.??"]
[Round "?"]
[White "Nielsen, Gunnar"]
[Black "Hanghoj, Peder"]
[Result "1-0"]
[WhiteElo "2334"]
[BlackElo "1821"]
[PlyCount "51"]
[EventDate "1979.??.??"]
[EventType "tourn (corr)"]
[EventRounds "17"]
[EventCountry "DEN"]
[SourceTitle "Corr 2000"]
[Source "ChessBase"]
[SourceDate "2000.04.19"]
[SourceVersion "1"]
[SourceVersionDate "2000.04.19"]
[SourceQuality "1"]

1. e4 Nf6 2. e5 Nd5 3. d4 d6 4. Nf3 Nb6 5. exd6 cxd6 6. c4 g6 7. Nc3 Bg7 8. Be3 Bg4 9. Be2 Nc6 10. b3 0-0 11. 0-0 e6 12. h3 Bxf3 13. Bxf3 Qf6 14. Rc1 Nc8 15. Qd2 Nd8 16. d5 Qe7 17. dxe6 fxe6 18. Rfe1 Nf7 19. Rcd1 Rb8 20. Bd4 e5 21. Nd5 Qh4 22. Be3 b6 23. Nc7 Ne7 24. Ne6 Rfe8 25. Ng5 h6 26. g3 1-0